Svědectví Čtvrtletník pro politiku a kulturu

Bibliographic Details
Format: Journal
Language:Czech
PhysicalDescription:štvrťročne
Published: Praha Melantrich 1990-92
New York Svědectví 1956-59
Paríž 1960-89

MARC

LEADER 00000nas a2200000 i 4500
001 vtls008882259
003 SK-MaSNL
005 20260221121138.0
008 020328c19679999CZ qr par 0 0 b0czeod
035 |a (SVKBB03)vtls000110287 
040 |a ŠVK Banská Bystrica 
041 0 |a cze 
080 |a 32(05) 
080 |a 82(05) 
080 |a 940(05) 
245 0 0 |a Svědectví  |b Čtvrtletník pro politiku a kulturu 
260 |a Praha  |b Melantrich  |c 1990-92 
260 |a New York  |c 1956-59 
260 |a Paríž  |b Svědectví  |c 1960-89 
300 |a štvrťročne 
999 |c 7263  |d 9193 
952 |0 0  |1 1  |4 0  |7 0  |a SNK  |b SNK  |d 2000-01-05  |l 0  |o snkČC 2526/25/1992  |p 17A0221828  |r 2005-01-02 00:00:00  |t č. 93  |w 2026-02-21  |y PREZ 
952 |0 0  |1 1  |4 0  |7 0  |a SNK  |b SNK  |d 1998-11-11  |l 0  |o snkČC 2526/4/1961-62  |p 17A0167332  |r 2005-01-02 00:00:00  |w 2026-02-21  |y PREZ 
952 |0 0  |1 1  |4 0  |7 0  |a SNK  |b SNK  |d 1998-11-11  |l 0  |o snkČC 2526/1/1956-57  |p 17A0167149  |r 2005-01-02 00:00:00  |w 2026-02-21  |y PREZ 
952 |0 0  |1 1  |4 0  |7 0  |8 2  |a SNK  |b SNK  |d 1998-06-16  |i snkČV 2508/91  |l 0  |o snkČC 2526/9/1967-69  |p 17A0143268  |r 2005-01-02 00:00:00  |t č. 33-36  |w 2026-02-21  |y PREZ 
952 |0 0  |1 1  |4 0  |7 0  |8 2  |a SNK  |b SNK  |d 1998-11-11  |i snkČV 2507/91  |l 0  |o snkČC 2526/8/1966-67  |p 17A0167065  |r 2005-01-02 00:00:00  |t č. 29-32  |w 2026-02-21  |y PREZ 
952 |0 0  |1 1  |4 0  |7 0  |a SNK  |b SNK  |d 1998-11-11  |l 0  |o snkČC 2526/7/1965-66  |p 17A0167294  |r 2005-01-02 00:00:00  |w 2026-02-21  |y PREZ 
952 |0 0  |1 1  |4 0  |7 0  |8 2  |a SNK  |b SNK  |d 1998-11-11  |i snkV 1233/69  |l 0  |o snkČC 2526/8-9/1967 D1  |p 17A0167066  |r 2005-01-02 00:00:00  |t č. 32-33  |w 2026-02-21  |y PREZ 
952 |0 0  |1 1  |4 0  |7 0  |8 2  |a SNK  |b SNK  |d 1998-11-11  |i snkV 2988/93  |l 0  |o snkČC 2526/16/1980-81  |p 17A0167320  |r 2005-01-02 00:00:00  |t č. 61-63  |w 2026-02-21  |y PREZ 
952 |0 0  |1 1  |4 0  |7 0  |a SNK  |b SNK  |d 1998-11-11  |l 0  |o snkČC 2526/14/1977-78  |p 17A0167924  |r 2005-01-02 00:00:00  |t č. 53-56  |w 2026-02-21  |y PREZ 
952 |0 0  |1 1  |4 0  |7 0  |a SNK  |b SNK  |d 1998-11-11  |l 0  |o snkČC 2526/23/1990  |p 17A0167182  |r 2005-01-02 00:00:00  |t č. 91  |w 2026-02-21  |y PREZ 
952 |0 0  |1 1  |4 0  |7 0  |8 2  |a SNK  |b SNK  |d 1998-11-11  |i snkV 2987/93  |l 0  |o snkČC 2526/15/1978-80  |p 17A0167133  |r 2005-01-02 00:00:00  |t č. 57-60  |w 2026-02-21  |y PREZ 
952 |0 0  |1 1  |4 0  |7 0  |a SNK  |b SNK  |d 1998-11-11  |l 0  |o snkČC 2526/5/1962-63  |p 17A0167019  |r 2005-01-02 00:00:00  |w 2026-02-21  |y PREZ 
952 |0 0  |1 0  |4 0  |7 0  |8 2  |a SNK  |b SNK  |d 1998-11-11  |i snkV 2975/93  |l 0  |o snkČC 2526/12/1974  |p 17A0167147  |r 2005-01-02 00:00:00  |t č. 48  |w 2026-02-21  |y PREZ 
952 |0 0  |1 1  |4 0  |7 0  |a SNK  |b SNK  |d 1998-11-11  |l 0  |o snkČC 2526/6/1963-64 D1  |p 17A0167148  |r 2005-01-02 00:00:00  |w 2026-02-21  |y PREZ 
952 |0 0  |1 1  |4 0  |7 0  |a SNK  |b SNK  |d 1998-11-11  |l 0  |o snkČC 2526/2/1958-59  |p 17A0167150  |r 2005-01-02 00:00:00  |w 2026-02-21  |y PREZ 
952 |0 0  |1 1  |4 0  |7 0  |a SNK  |b SNK  |d 1998-11-11  |l 0  |o snkČC 2526/13/1975-76  |p 17A0167555  |r 2005-01-02 00:00:00  |t č. 49-52  |w 2026-02-21  |y PREZ 
952 |0 0  |1 0  |4 0  |7 0  |8 1  |a SNK  |b SNK  |d 2020-06-11  |i snk2020/10229  |l 0  |o snkČC 2526/18/1983  |p 17A1388380  |r 2026-02-21 22:01:24  |t č. 69-72, neúplné  |w 2026-02-21  |y PREZ  |z Chýba č. 72 
952 |0 0  |1 0  |4 0  |7 1  |8 1  |a SNK  |b SNK  |d 2019-05-13  |i snk2019/13305  |l 0  |o snkČC 2526/19/1985-1986  |p 17A1366748  |r 2026-02-21 22:06:44  |t č. 73-76, neúplné  |w 2026-02-21  |y NEVYP  |z Chýba č. 73-75  
952 |0 0  |1 0  |4 0  |7 1  |8 1  |a SNK  |b SNK  |d 2019-05-13  |i snk2019/13306  |l 0  |o snkČC 2526/20/1986-1987  |p 17A1366753  |r 2026-02-21 22:06:44  |t č. 77-80  |w 2026-02-21  |y NEVYP 
952 |0 0  |1 0  |4 0  |7 1  |8 1  |a SNK  |b SNK  |d 2019-05-13  |i snk2019/13307  |l 0  |o snkČC 2526/21/1987-1988  |p 17A1366754  |r 2026-02-21 22:06:44  |t č. 81-84, neúplné  |w 2026-02-21  |y NEVYP  |z Chýba č. 83-84 
952 |0 0  |1 0  |4 0  |7 1  |8 1  |a SNK  |b SNK  |d 2019-05-13  |i snk2019/13310  |l 0  |o snkČC 2526/22/1988-1989  |p 17A1366751  |r 2026-02-21 22:06:44  |t č. 85-88, neúplné  |w 2026-02-21  |y NEVYP  |z Chýba č. 85-87 
952 |0 0  |1 0  |4 0  |7 1  |8 1  |a SNK  |b SNK  |d 2019-05-17  |i snk2019/13758  |l 0  |o snkČC 2526/17/1981-1982  |p 17A1366752  |r 2026-02-21 22:07:06  |t č. 65-68, neúplné  |w 2026-02-21  |y NEVYP  |z Chýba č. 68